1160 1597 1514 1596 1873 1167 1061 1030 1460 1428 1809 1322 1103 1088 1353 1800 1280 1692 1533 1147 1427 1390 1440 1648 1491 1783 1047 1092 1218 1930 1188 1084 1125 1262 1064 1063 1724 1980 1873 1063 1704 1663 1951 1903 1937 1740 1561 1593 1601 1344 1265 1155 1860 1151 1762 1096 1060 1217 1515 1178 1953 1576 1742 1200 1024 1007 1951 1278 1297 1544 1644 1525 1400 1715 1864 1367 1812 1330 1112 1897 1074 1426 1065 1837 1133 1422 1021 1482 1690 1337 1090 1370 1647 1456 1231 1896 1255 1331 1024 BCNSPRNW ULIB Ver.6.0+V

เปลี่ยนเป็นภาษาไทย

Change to English
 แสดงรายละเอียดบรรณานุกรม
  กลับหน้าหลัก

Brief Record : Get Marc (ISO 2709) : E-mail record : QR code < ปิดหน้าต่าง
LEADER : 00000nam 2200000uu 4500
001    13399113543
003     ULIB
008    111125s2550||||th 000 0 tha d
020    ^a9789740582632
090    ^aนว.^bฌ111ร 2550
100 0  ^aฌามิวอาห์
245 00 ^aรักเดียวที่กลางใจ/^cฌามิวอาห์
250    ^aพิมพ์ครั้งที่ 2
260    ^aกรุงเทพฯ :^bแจ่มใส,^c2550
300    ^a327 หน้า
710 1  ^aแจ่มใส
945    ^p199^l0^i15301
995    ^aกัณชพร
999    ^aใช้งานได้ทุกระบบ
รายการนี้ยังไม่มีแท็ก
คุณยังไม่ได้ล็อกอิน คุณสามารถมีกิจกรรมร่วมกับเว็บไซต์ได้ แต่ต้องล็อกอินก่อน ::
  ล็อกอิน

รายการสื่อสารสนเทศ

ลำดับที่ ประเภท เลขเรียก/บาร์โค้ด สถานที่ สถานะ
1. นวนิยาย
นวนิยาย
นว. ฌ111ร 2550  
  Barcode: 15301
ห้องสมุดวิทยาเขตสวรรค์ประชารักษ์
►นวนิยาย
บนชั้น
  ขอยืม

รายการใกล้เคียง
    ผู้แต่ง [ฌามิวอาห์]

BibComment


ยังไม่เคยถูกคอมเมนท์

คอมเมนท์ทรัพยากรรายการนี้
  คอมเมนท์: รักเดียวที่กลางใ..


 Copyright 2026. Bcnsprnw @Library